000 00419nam a2200157 4500
001 124154
003 ES-MaACL
005 20230906192332.0
007 t|
008 070214s1926 cu r ||||1| spa d
100 1 _aRamos, José Antonio.
_995265
245 1 0 _aCoaybay
_b: (novela) /
_cJosé Antonio Ramos.
260 _aLa Habana :
_bEl siglo XX,
_c1926.
300 _a354 p. ;
_c21 cm.
852 _aES-MaACL
_jF-4300
999 _c124154
_d124154